书目信息 |
| 题名: |
西方马克思主义文论
|
|
| 作者: | 王天保 著 | |
| 分册: | ||
| 出版信息: | 北京 人民出版社 2013.8 |
|
| 页数: | 343页 | |
| 开本: | 24cm | |
| 丛书名: | ||
| 单 册: | ||
| 中图分类: | B089.1 | |
| 科图分类: | ||
| 主题词: | 西方马克思主义--研究 | |
| 电子资源: | ||
| ISBN: | 978-7-01-012520-6 | |
| 000 | 01167nam0 2200265 450 | |
| 001 | 351838 | |
| 005 | 20161017100134.47 | |
| 010 | @a978-7-01-012520-6@dCNY58.00 | |
| 100 | @a20131105d2013 em y0chiy50 ea | |
| 101 | 0 | @achi |
| 102 | @aCN@b110000 | |
| 105 | @ay z 000yy | |
| 106 | @ar | |
| 200 | 1 | @a西方马克思主义文论@e文本解读与中西对话@dWestern Marxism literary theory@ea close reading of the works and criticism from Chinese view@f王天保著@zeng |
| 210 | @a北京@c人民出版社@d2013.8 | |
| 215 | @a343页@d24cm | |
| 300 | @a郑州大学文学院资助出版 | |
| 330 | @a本书试图将西方马克思主义文论研究中的“面”与“点”结合起来,以对卢卡奇、戈德曼、本雅明、阿多诺、马尔库塞、弗洛姆、哈贝马斯、雷蒙德·威廉姆斯、詹姆逊、伊格尔顿十位西方马克思主义理论家的代表性美学、文论著作的细读为基础,介绍他们的这些著作中的文论思想,并附有他们的个人简介和读书指南。 | |
| 510 | 1 | @aWestern Marxism literary theory@ea close reading of the works and criticism from Chinese view@zeng |
| 517 | 1 | @a文本解读与中西对话 |
| 606 | 0 | @a西方马克思主义@x研究 |
| 690 | @aB089.1@v5 | |
| 701 | 0 | @a王天保@f(1976~)@4著 |
| 801 | 0 | @aCN@bTANGWEI@c20161010 |
| 905 | @b0896770-4@dB089.1@e61@f5 | |
| 西方马克思主义文论:文本解读与中西对话=Western Marxism literary theory:a close reading of the works and criticism from Chinese view/王天保著.-北京:人民出版社,2013.8 |
| 343页;24cm |
| 郑州大学文学院资助出版 |
| ISBN 978-7-01-012520-6:CNY58.00 |
| 本书试图将西方马克思主义文论研究中的“面”与“点”结合起来,以对卢卡奇、戈德曼、本雅明、阿多诺、马尔库塞、弗洛姆、哈贝马斯、雷蒙德·威廉姆斯、詹姆逊、伊格尔顿十位西方马克思主义理论家的代表性美学、文论著作的细读为基础,介绍他们的这些著作中的文论思想,并附有他们的个人简介和读书指南。 |
| ● |
| 相关链接 |
|
|
|
|
正题名:西方马克思主义文论
索取号:B089.1/61
 
预约/预借
| 序号 | 登录号 | 条形码 | 馆藏地/架位号 | 状态 | 备注 |
| 1 | 0896770 | 208967705 | 第一样本阅览室/ [索取号:B089.1/61] | 在馆 | |
| 2 | 0896771 | 208967714 | 第一借阅区/ [索取号:B089.1/61] | 在馆 | |
| 3 | 0896772 | 208967723 | 第一借阅区/ [索取号:B089.1/61] | 在馆 | |
| 4 | 0896773 | 208967732 | 第一借阅区/ [索取号:B089.1/61] | 在馆 | |
| 5 | 0896774 | 208967741 | 第一借阅区/ [索取号:B089.1/61] | 在馆 |